000 00650nam a2200277Ia 4500
005 20260324151018.0
008 008 260324s9999 xx 000 0 eng d
020 _a9781003434450
037 _aEBOOK
040 _aCRL
040 _beng
040 _cCRL
041 _2eng
041 _aeng
084 _qCRL
100 _aRobert Kilburn Root
_91228416
245 4 _aThe Textual Tradition of Chaucer's Troilus
260 _bTaylor and Francis
260 _c1916
365 _a
365 _b160
856 _uhttp://www.taylorfrancis.com/books/9781003434450
942 _cEBOOK
999 _c1838824
_d1838824